| 000 | 00465cam a22001457a 4500 | ||
|---|---|---|---|
| 008 | 180718b1984 xxu||||| |||| 00| 0 eng d | ||
| 082 | _aY4x54 D843h | ||
| 100 | _aDrury, H. | ||
| 245 |
_aHandbook of the Indian flora being a guide to all the flowering plants _cby H.Drury |
||
| 260 |
_aDehradun _bBishan Singh Mahendra Pal Singh _c1984 |
||
| 300 | _a3v. | ||
| 500 | _aContents: v.1. 656p.;v.2. 604p;v.3. 704p. | ||
| 650 | _aPlants, Flowering of | ||
| 650 | _aFlowers | ||
| 999 |
_c400169 _d400169 |
||